Investigación filosófica: manual del profesor para acompañar a El descubrimiento de Harry Stottlemeier. Capítulo X

Furkejuvvon:
Bibliográfalaš dieđut
Váldodahkkit: Sharp, Ann Margaret (Dahkki), Oscanyan, Frederick S (Dahkki)
Materiálatiipa: Girji
Giella:espánnjágiella
Almmustuhtton: Madrid De la Torre 1988
Ráidu:Proyecto Didáctico Quirón. Programa Filosofía para Niños
Fáttát:
Fáddágilkorat: Lasit fáddágilkoriid
Eai fáddágilkorat, Lasit vuosttaš fáddágilkora!

MARC

LEADER 00000nam a2200000 a 4500
001 UCN1827
003 CL-VaPUC
008 010504e19880000SP |||||||||||||||||spa|d
082 0 4 |a 808.0683  |b LIP  |2 21 
700 0 |a Sharp, Ann Margaret  |e author  |9 457253 
700 0 |a Oscanyan, Frederick S  |e author  |9 457254 
245 1 0 |a Investigación filosófica: manual del profesor para acompañar a El descubrimiento de Harry Stottlemeier. Capítulo X 
300 |a pág. irreg 
942 |c BK 
945 |d 20010504 00:00:00  |a cmena 
260 |a Madrid  |b De la Torre  |c 1988 
500 |a En forma separada texto: El descubrimiento de Harry 
500 |a Capítulo X, ideas principales. 1: ¿Qué va primero: los programas o el interés del alumno?. 2: Dar buenas razones para nuestras opiniones. 3: ¿Puede un sentimiento servir de razón?. 4: Recurrir a la alarma, es una razón de dudoso valor. 5: ¿Cuándo no es el "recurso a la autoridad" una buena razón?. 6: ¿Qué es una regla o reglamento?. 7: ¿Qué es una generalización?. 8: ¿Debemos hacer lo que el grupo nos dice que hagamos?. 9: Confianza 
650 0 |a Literatura infantil   |9 307465 
650 7 |a FILOSOFIA PARA NIÑOS  |2 CL-VaPUC  |9 457255 
650 0 |a Métodos de enseñanza  |9 270413 
583 |a last modification  |c 20010504 00:00:00  |k Rodrigo Vera 
490 0 |a Proyecto Didáctico Quirón. Programa Filosofía para Niños 
999 |c 295052  |d 295050 
952 |0 0  |1 0  |4 0  |6 808_068300000000000_LIP_1988  |7 0  |8 P  |9 347938  |a BIBEDU  |b BIBEDU  |c BIBEDU_PB  |d 2019-11-20  |i 369870K  |o 808.0683 LIP 1988  |p 369870K  |r 2024-01-25  |w 2019-11-20  |y BK  |k EPE 
952 |0 0  |1 0  |4 0  |6 808_068300000000000_LIP_1988  |7 0  |8 P  |9 347939  |a BIBEDU  |b BIBEDU  |c BIBEDU_PB  |d 2019-11-20  |i 3723496  |o 808.0683 LIP 1988  |p 3723496  |r 2024-01-25  |w 2019-11-20  |y BK  |k EPE